Global Report on Assistive Technology.

Bibliographic Details
Format: eBook
Language:English
Published: Geneva : World Health Organization, 2022.
Edition:1st ed.
Subjects:
Online Access:Click to View
LEADER 02662nam a22003253i 4500
001 EBC30682022
003 MiAaPQ
005 20231204023231.0
006 m o d |
007 cr cnu||||||||
008 231204s2022 xx o ||||0 eng d
020 |a 9789240049451  |q (electronic bk.) 
035 |a (MiAaPQ)EBC30682022 
035 |a (Au-PeEL)EBL30682022 
040 |a MiAaPQ  |b eng  |e rda  |e pn  |c MiAaPQ  |d MiAaPQ 
245 1 0 |a Global Report on Assistive Technology. 
250 |a 1st ed. 
264 1 |a Geneva :  |b World Health Organization,  |c 2022. 
264 4 |c Ã2022. 
300 |a 1 online resource (142 pages) 
336 |a text  |b txt  |2 rdacontent 
337 |a computer  |b c  |2 rdamedia 
338 |a online resource  |b cr  |2 rdacarrier 
505 0 |a Intro -- Foreword -- Acknowledgements -- Contributors -- Abbreviations -- Executive summary -- Introduction -- Who this report is for -- How this report was developed -- What this report contains -- Understanding assistive technology -- What is assistive technology? -- People who need assistive technology -- Benefits of assistive technology -- Paths to accessing assistive technology -- Assistive technology systems and coverage -- International policy frameworks -- Measuring access to assistive technology -- Population access to assistive technology -- System preparedness for providing assistive technology -- System shortfalls to meet population need -- Identifying barriers to assistive technology -- Limited services -- Inadequate products -- Procurement and delivery challenges -- Workforce capacity gaps -- Market failures -- Governance and funding issues -- Sociodemographic barriers -- Improving the assistive technology system -- Policy -- Products -- Provision -- Personnel -- Preparing for assistive technology in humanitarian crises -- Challenges for users -- Reducing barriers -- Creating enabling environments -- Universal design for enabling environments -- Physical and digital environments -- Services and systems -- Support and attitudes -- Natural environment -- Moving forward -- Recommendations -- Actors -- Actions -- Annex -- References. 
588 |a Description based on publisher supplied metadata and other sources. 
590 |a Electronic reproduction. Ann Arbor, Michigan : ProQuest Ebook Central, 2023. Available via World Wide Web. Access may be limited to ProQuest Ebook Central affiliated libraries.  
655 4 |a Electronic books. 
776 0 8 |i Print version:  |t Global Report on Assistive Technology  |d Geneva : World Health Organization,c2022 
797 2 |a ProQuest (Firm) 
856 4 0 |u https://ebookcentral.proquest.com/lib/matrademy/detail.action?docID=30682022  |z Click to View